Métaux alcalins - Statistiques

Statistiques générales
  • Ce quiz a été pris 210 fois
  • Le résultat moyen est 4 sur 6
Statistiques - réponses
Numéro atomique Alcalins % Correct
3 Lithium
95%
11 Sodium
88%
19 Potassium
76%
87 Francium
60%
55 Césium
56%
37 Rubidium
53%
Aucun quiz correspondant
Distribution des résultats
% des personnes avec chaque résultat
Percentile par nombre de réponses
Votre historique - résultats
Vous n’avez pas pris ce quiz